| 000 | 01274nam0a22003131 4500 | ||
|---|---|---|---|
| 001 | rc\3401620 | ||
| 005 | 20130115135733.5 | ||
| 021 |
_aRU _b[69-35511] |
||
| 035 | _a(NLR Aleph) 007573785 | ||
| 090 |
_a5433736 _c5433736 |
||
| 100 | _a20130115d1969 |||y0rusy50 ca | ||
| 101 | 0 | _arus | |
| 102 | _aRU | ||
| 105 | _aa z ||||| | ||
| 200 | 1 |
_aБруцеллез промысловых животных _fПод ред. акад. И.Г. Галузо _gМ-во здравоохранения Каз ССР. Науч.-исслед. ин-т краев. патологии |
|
| 210 |
_aАлма-Ата _cНаука _d1969 |
||
| 215 |
_a155 с., 1 л. ил. _cил. _d27 |
||
| 300 | _aПеред загл. авт.: М.М. Ременцова, О.В. Постричева, С.И. Рыбалко | ||
| 320 | _aБиблиогр.: с. 136-154 | ||
| 606 |
_aБруццелез животных _2psbo |
||
| 700 | 1 |
_aРеменцова _bМ. М. _gМария Матвеевна |
|
| 701 | 1 |
_aПостричева _bО. В. _gОльга Васильевна |
|
| 701 | 1 |
_aРыбалко _bС. И. _gСтепан Иванович |
|
| 702 | 1 |
_aГалузо _bИ. Г. _4340 |
|
| 801 | 0 |
_aRU _bNLR _gpsbo |
|
| 801 | 1 |
_aRU _bELAR _2rusmarc |
|
| 852 |
_aNLR _j69-7/1254 |
||
| 942 | _cBOOK | ||
| 980 | _aNB | ||